03353 a2200361 4500001000500000005001700005008004100022003001500063040004000078080008400118245006300202020002200265250001200287264003300299300002500332505044700357041000800804942000700812590003600819100002300855856011400878999001300992952013501005952020201140952015601342952023601498952019201734952019701926952027202123952020002395952013902595952025702734334920260407155427.0260407a2006 arg spa dAR-UNSa-BCEJYS aAR-UNSa-BCEJYSbspacAR-UNSa-BCEJYS a347.73xOrganizaciones comerciales. Derecho financiero (títulos de crédito)10aTítulos de créditopletra de cambio, pagaré y cheque a978-950-508-639-9 a9a. ed. 1aBuenos Aires :bAstreac2006 axxxi, 483 p.c23 cm. a1. Introducción - 2. La obligación cambiaria - 3. Obligados cambiarios - 4. Circulación - 5. Garantías cambiarias - 6. Institutos cambiarios poco usuales y cancelación - 7. Vencimiento y extinción de las obligaciones cambiarias - 8. Cheque - 9. Acciones cambiarias - 10. Defensas sustanciales y excepciones - 11. Otras acciones emergentes del ordenamiento cambiario - 12. Problemática internacional de los títulos de crédito aspa cBK aniveau_biblio:m niveau_hierar:01 aEscuti, Ignacio A.41uhttps://biblioeco.unsa.edu.ar/pmb/images/libros/Titulos de credito-l116991.jpgyImagen de portadaqimage/jpeg c318d318 00104070aBCEJYSbBCEJYSc16d2026-04-07l0o347.73 E74 9ed.pL116991r2026-04-07 15:54:27w2026-04-07yLzSUBRAYADO CON LÁPIZ 00104070aBCEJYSbBCEJYSc16d2026-04-07l0o347.73 E74 9ed.pL117000r2026-04-07 15:54:27w2026-04-07yLzCANTO MANCHADO - HOJAS MANCHADAS Y SUBRAYADO CON LÁPIZ - LAPICERA PÁG 467,437,448,14 00104070aBCEJYSbBCEJYSc16d2026-04-07l0o347.73 E74 9ed.pL116992r2026-04-07 15:54:27w2026-04-07yLzCANTO MANCHADO - HOJAS MANCHADAS - LÁPIZ 00104070aBCEJYSbBCEJYSc16d2026-04-07l0o347.73 E74 9ed.pL116994r2026-04-07 15:54:28w2026-04-07yLzSUBRAYADO CON LÁPIZ - MANCHADO EN PÁG 57,68,69 - CANTO MANCHADO - HÚMEDO HASTA PÁG XIV EN ESQUINA SUPERIOR DERECHA 00104070aBCEJYSbBCEJYSc16d2026-04-07l0o347.73 E74 9ed.pL116993r2026-04-07 15:54:28w2026-04-07yLzPRIMERAS PÁGINAS ARRUGADAS - SUBRAYADO CON LÁPIZ - CANTO MANCHADO CON ROSA 00104070aBCEJYSbBCEJYSc16d2026-04-07l0o347.73 E74 9ed.pL116997r2026-04-07 15:54:28w2026-04-07yLzLÁPIZ - HOJAS MANCHADAS - HÚMEDO EN CANTO INFERIOR DESDE INDICE HASTA PÁG 51 00104070aBCEJYSbBCEJYSc16d2026-04-07l0o347.73 E74 9ed.pL116998r2026-04-07 15:54:28w2026-04-07yLzLIBRO CON HOJAS SUCIAS - CANTO CON MANCHAS ROJAS - PÁGINAS DOBLADAS DESDE EL INICIO A PÁGINA 36 - SUBRAYADO CON LÁPIZ - PÁGINA 8 Y 9 CON MANCHAS ROJAS 00104070aBCEJYSbBCEJYSc16d2026-04-07l0o347.73 E74 9ed.pL116999r2026-04-07 15:54:28w2026-04-07yLzMANCHADO EN HOJAS 113,16,227 - HÚMEDO EN ESQUINA INFERIOR - LÁPIZ - CANTO MANCHADO 00104070aBCEJYSbBCEJYSc16d2026-04-07l0o347.73 E74 9ed.pL116996r2026-04-07 15:54:28w2026-04-07yLzHOJAS MANCHADAS - LÁPIZ 00104070aBCEJYSbBCEJYSc16d2026-04-07l0o347.73 E74 9ed.pL116995r2026-04-07 15:54:28w2026-04-07yLzMANCHADO CON ROJO EN PÁGINA 5, MANCHADO CON AZUL 126, SUBRAYADO CON LÁPIZ - PRIMERAS PÁGINAS MANCHADAS EN CANTO INFERIOR - CANTO MANCHADO